01017nam a22001931i 4500001000700000003000900007005001700016008004100033100004400074245017600118260009300294300002100387490010500408650002900513710007600542711007500618830010500693852002500798181126ES-MaACL20250925063048.0121023s1909 sp |||| | spa d1 aSanz y Escartín, Eduardo, d1855-193913aLa educación moral b: memoria escrita por Eduardo Sanz y Escartín en el Primer Congreso Internacional de Educación Moral celebrado en Londres en septiembre de 1908. a[Madrid] : bJunta para Ampliación de Estudios e Investigaciones Científicos,c1909. a60 p. ; c23 cm.1 aAnales de la Junta para Ampliación de Estudios e Investigaciones Científicos ; vT. 1, memoria 107aEducación moral2embne2 aJunta para la Ampliación de Estudios e Investigaciones Científicas.2 aCongreso Internacional de Educación Moral (n1º. d1908. cLondres)0 aAnales de la Junta para Ampliación de Estudios e Investigaciones Científicos ; vT. 1, memoria 1 aES-MaACLjB-13157(1)